[Event "Sochi FIDE GP"]
[Site "Sochi"]
[Date "2008.08.01"]
[Round "2"]
[White "Kamsky, Gata"]
[Black "Ivanchuk, Vassily"]
[Result "1-0"]
[WhiteElo "2723"]
[BlackElo "2781"]
[Annotator "Rogozenco,D"]
[PlyCount "93"]
[EventDate "2008.07.31"]
[EventType "tourn"]
[EventRounds "13"]
[EventCountry "RUS"]
[EventCategory "19"]
[SourceTitle "CBM 126"]
[Source "ChessBase"]
[SourceDate "2008.10.01"]
[SourceVersion "1"]
[SourceVersionDate "2008.10.01"]
[SourceQuality "1"]

1. e4 c5 2. Nf3 Nc6 3. d4 cxd4 4. Nxd4 Nf6 5. Nc3 e5 {Playing the Sveshnikov
Sicilian against Kamsky without special preparation is at least questionable.
The point is that Kamsky plays a very solid system, which suits his style
perfectly.} 6. Ndb5 d6 7. Bg5 a6 8. Na3 b5 9. Nd5 Be7 10. Bxf6 Bxf6 11. c4 ({
Kamsky has also scored many wins with the move 11.c3, including a game against
Ivanchuk 18 years ago...} 11. c3 O-O 12. Be2 Bg5 13. Nc2 Rb8 14. O-O a5 15. Qd3
Be6 16. Nce3 Bxe3 17. Nxe3 Qc7 18. Rfd1 Rfd8 19. Bg4 Ne7 20. Qe2 d5 21. Bxe6
fxe6 22. Qg4 Rb6 23. Qg3 Rc6 24. Qg5 d4 25. Ng4 Ng6 26. h4 Rc5 27. Rac1 Nf4 28.
Kh2 d3 29. Rd2 b4 30. Rcd1 bxc3 31. bxc3 Rxc3 32. g3 Ng6 33. h5 $16 {1-0
Kamsky,G (2655)-Ivanchuk,V (2720)/Tilburg (rapid) 1992 (70)}) 11... b4 12. Nc2
a5 13. Be2 O-O 14. O-O Bg5 15. Qd3 Rb8 {A common way of development, but
combining moves a6-a5 with Rb8 somehow doesn't look like the most optimal
set-up.} ({The position (or rather the pawn structure) is of such nature that
Black lacks active ideas. Possibly the best for Black is to eliminate quickly
the Nd5, eventually changing the pawn structure as well:} 15... Be6 16. Rad1
Bxd5 17. cxd5 (17. Qxd5 Qb6 $13) 17... Nb8 $13 {and the knight goes via d7 or
a6 to c5.}) 16. Rad1 g6 17. b3 Be6 18. Bf3 Rb7 $146 {This novelty prepares the
transfer of the knight to c5. The question remains if Black really needed a
move like Ra8-b8 then.} (18... Kg7) ({and} 18... Qd7 {were met before. White
keeps a slight plus in both cases.}) 19. Qe2 {Typical play for White in this
system. The queen's retreat to e2 has several purposes. First of all White
frees the d3-square and is ready to double rooks on the d-file. Secondly, 19.
Qe2 prepares the transfer of his bishop to the diagonal c8-h3. Finally, the
queen runs away in case Black transfers the knight to c5.} Ne7 $6 {This is a
rather strange decision, most likely dictated by the fact that Ivanchuk didn't
feel comfortable with Black's position (but then the opening choice was a
clear mistake!).} ({A logical follow-up of the previous move would be} 19...
Nb8 {followed by Na6-c5 and White is only marginally better.}) 20. Nxe7+ ({
Kamsky decided that it's too early to start concrete play with} 20. c5 {
although it looks promising:} dxc5 21. Nf6+ Bxf6 22. Rxd8 Rxd8 23. Qa6 {
favours White. Perhaps Black must try 20...Qb8!? instead of taking on c5.})
20... Qxe7 21. Rd3 {Simple chess: White has clear plans to increase the
pressure in the centre.} h5 $6 {Another nervous move, designed to prevent
Bf3-g4. The weaknesses created by this advance will make Black's life harder,
though.} ({After} 21... Rb6 22. Rfd1 Ra8 {White still had a hard job to break
through.}) 22. Rfd1 $16 Rd8 {No choice for Black, even if placing the rook on
the d-file (instead of protecting Pd6 from the 6th rank) means that he must
always watch out for the advance c4-c5.} ({With the kingside weaknesses a
defence like} 22... Rb6 23. Ne3 Ra6 24. Nd5 Qa7 {is out of question. White can
even consider the direct refutation} 25. Bxh5 gxh5 26. Qxh5 {with a strong
attack.}) 23. Ne3 $1 (23. c5 {is premature due to the simple} Rbd7 {and the
position opens up in Black's favor.}) 23... Bxe3 {The collapse of Black's
strategy. He is not able to deal with all his weaknesses.} (23... Qc7 {is
strongly met by} 24. Nf5 $1 gxf5 25. exf5 Bxf5 26. Bxb7 Qxb7 ({or} 26... Bxd3
27. Rxd3 Qxb7 28. Rg3 f6 29. h4 $16) 27. Qxh5 ({Even better than} 27. Rg3 Bg4
28. Rxg4 hxg4 29. Qxg4 f6 30. h4 $16) 27... f6 28. Rg3 Qg7 (28... Qh7 29. Rxg5+
$18) 29. h4 Bg6 30. Qg4 Bf4 31. Qxg6 Bxg3 32. Qxg3 {and the endgame should be
winning for White.}) 24. Qxe3 {A dream position for White in this system.
Black has no counterplay, while his structure is full of weaknesses.} Rdd7 ({
After} 24... Rbd7 {the pawn a5 falls:} 25. Qb6 $18) 25. Qh6 $1 ({After} 25. Qd2
{Black protects pawn d6 with the amazing} Qd8 {and White cannot take the pawn
yet:} (25... Rb6 26. c5 $18) 26. Rxd6 $4 Rxd6 27. Qxd6 Rd7 $19) 25... Qf8 {
Ivanchuk tries his last chance: to build a kind of fortress in the endgame.
However, the unfortunate pawn on h5 will prove to be the decisive factor in
the evaluation of resulting positions.} 26. Qxf8+ Kxf8 27. Rxd6 Rbc7 28. h4 $1
$16 {/+-} Ke7 29. Ra6 Rc5 30. Kf1 Rxd1+ 31. Bxd1 Kd7 32. Ra7+ Kc6 33. Ke2 Kb6
34. Re7 Rc7 (34... Rc8) ({or} 34... a4 {would have kept some chances to make
White's task more difficult.}) 35. Rxc7 Kxc7 36. g3 Kd6 37. Ke3 f6 {The final
part of endgame is very instructive: White needs to break through on the
kingside and Kamsky achieves it in just three moves.} 38. f4 Bf7 ({After} 38...
exf4+ 39. gxf4 Kc5 (39... Bf7 40. Kd4 $18 {[%cal Gc4c5]}) 40. e5 (40. f5 Bf7 $1
(40... gxf5 41. Bxh5 $18)) 40... f5 41. Bf3 {White wins by threatening to
bring the bishop to b5 (via b7 and a6), after which Black will be in zugzwang.
Black can prevent it only by advancing the a-pawn and create threats to sac
the bishop on c4. However, as soon as Black plays a5-a4 (thus weakening the
Pb4), White wins the pawn endgame arising after Bd5:} a4 ({Or} 41... Bf7 42.
Bb7 a4 (42... Be6 43. Ba6 Bd7 (43... a4 44. bxa4 $18) (43... Bf7 44. Bb5 Be6
45. Be8 $18) 44. Kd3 Kb6 (44... Be6 45. Bb5 $18) (44... a4 45. Bb5 $18) 45. Bb5
Bxb5 46. cxb5 Kxb5 47. Kd4 Kc6 48. Kc4 $18) 43. Bd5 Bxd5 44. cxd5 axb3 45. axb3
Kxd5 46. Kd3 Kc5 47. e6 Kd6 48. Kc4 Kxe6 49. Kc5 $18 {similar to 41...a4}) 42.
Bd5 axb3 43. axb3 Bxd5 44. cxd5 Kxd5 45. Kd3 Kc5 46. e6 Kd6 47. Kc4 Kxe6 48.
Kc5 $1 ({Not} 48. Kxb4 $2 Kd5 49. Kc3 Ke4 50. b4 Kxf4 51. Kd4 (51. b5 $4 {
even loses after} Ke5) 51... Kg3 52. b5 f4 53. b6 f3 54. b7 f2 55. b8=Q+ Kg2
$11) 48... g5 (48... Kf7 49. Kxb4 $18) 49. fxg5 f4 (49... Ke5 50. Kxb4 f4 51.
Kc3 $18) 50. Kc4 $1 ({Avoiding} 50. Kd4 $2 Kf5 51. Kd3 Ke5 52. Ke2 Ke6 53. Kf3
Kf5) 50... Ke5 (50... Kf5 51. Kd4 $18) 51. Kd3 Kd5 (51... Kf5 52. Kd4 $18) 52.
g6 Ke6 53. Ke4 Kf6 54. Kxf4 Kxg6 55. Ke5 $18) 39. f5 $1 g5 40. g4 $1 hxg4 41.
hxg5 fxg5 42. Bxg4 a4 43. f6 a3 44. Bf5 Kc5 (44... Bxc4 45. bxc4 b3 46. c5+ Kc7
(46... Kxc5 47. f7 bxa2 48. f8=Q+ $18) 47. f7 bxa2 48. f8=Q a1=Q 49. Qc8#) 45.
Kf3 Bh5+ 46. Kg3 Kd6 47. Bc8 {As often happens in such situations, things end
up in a zugzwang for Black, who cannot keep control over all the important
squares: e6 (against Be6), c5 (against the advance of the c-pawn), f7 (against
the advance of the f-pawn and g4 (against Kg4). Therefore Ivanchuk resigned.} (
47. Bc8 Bd1 (47... Kc7 48. Be6 Kd6 49. f7 Ke7 50. c5 $18) 48. c5+ Kxc5 49. f7
$18) 1-0

[Event "Sochi FIDE GP"]
[Site "Sochi"]
[Date "2008.08.12"]
[Round "11"]
[White "Wang, Yue"]
[Black "Kamsky, Gata"]
[Result "1/2-1/2"]
[WhiteElo "2704"]
[BlackElo "2723"]
[Annotator "Krasenkow,M"]
[PlyCount "87"]
[EventDate "2008.07.31"]
[EventType "tourn"]
[EventRounds "13"]
[EventCountry "RUS"]
[EventCategory "19"]
[SourceTitle "CBM 126"]
[Source "ChessBase"]
[SourceDate "2008.10.01"]
[SourceVersion "1"]
[SourceVersionDate "2008.10.01"]
[SourceQuality "1"]

1. d4 Nf6 2. c4 g6 3. Nc3 d5 4. Bg5 Ne4 5. Bh4 Nxc3 6. bxc3 dxc4 7. Qa4+ c6 {
This is not worse than the main line} (7... Qd7 8. Qxc4 b6) 8. Qxc4 Qa5 {
This idea was examined in the Gruenfeld survey in CBM 118.} 9. e3 (9. Nf3 Be6
10. Qd3 (10. Qb4 Qxb4 11. cxb4 a5) 10... Nd7 11. e4 Nb6 12. Ng5 Bb3 $1 $13 {
[%cal Yf7f6]}) 9... Be6 $1 $146 {[%mdl 8] GM Gata Kamsky follows my
recommendation from that survey.} (9... Nd7 $143 $6 10. Nf3 Nb6 11. Qb4 Qh5 $2
(11... Qxb4 12. cxb4 e5 (12... Bg7 13. Rc1 $14) 13. a3 exd4 14. Bf6 Rg8 15.
Bxd4 $14) 12. Be2 $2 (12. h3 $1 {[%cal Rg2g4]} e5 $2 13. Qb1 exd4 14. Qe4+ Be6
15. Bg5 $18) 12... Bg4 13. Bg3 e5 14. Qb1 (14. Qb3 $1 $16 exd4 $140 15. Ne5 $3)
14... exd4 15. Qe4+ Be7 16. Bd6 Nc8 17. Bxe7 Nxe7 18. Nxd4 Bxe2 19. Nxe2 Rd8
$11 {0-1 Galeev,S-Sale,S/Harkany 1994/CBM 118/[Krasenkow] (40)}) (9... e5 $5 {
[%cal Yc8e6]}) 10. Qd3 $6 (10. Qb4 $142 Qxb4 11. cxb4 Bd5 {[%cal Re7e5]} (11...
a5 $6 12. b5 $14) 12. Nf3 Nd7 13. a3 Bg7 $11 {[%cal Ye7e5,Ya7a5]}) 10... Bg7
11. Nf3 Nd7 12. Qd2 (12. Qc2 c5) 12... Nc5 $1 {[%cal Rc5b3]} 13. Rc1 Ne4 14.
Qc2 Nd6 15. Bd3 Qxa2 16. Qxa2 Bxa2 $17 {Black has won a pawn and the opening
battle.} 17. c4 b5 $2 {Premature! White now activates his pieces and obtains
decent compensation for the missing material.} (17... Kd7 $142 18. Bg3 (18.
Ne5+ Ke6 $1) 18... b5 $1 19. Bxd6 Kxd6 20. Ng5 bxc4 21. Nxf7+ Kd7 22. Bxc4 Bxc4
23. Rxc4 Rhb8 $17) 18. cxb5 cxb5 19. Rc7 $132 {[%csl Gc7]} Bf6 20. Bg3 (20.
Bxf6 $142 exf6 21. Ke2 {[%cal Yh1a1,Ye3e4,Ye4e5]}) 20... a6 {This conservative
approach eventually fails; therefore, the energetic} (20... b4 $1 {was worth
trying.}) 21. Ke2 Bd5 22. Ra1 (22. Rhc1 $5 O-O 23. R1c5 Bc4 $140 24. Nd2 Bxd3+
25. Kxd3) 22... O-O 23. Ne5 $44 Rfc8 {Black has hardly anything else but now
White recaptures the pawn.} 24. Rxc8+ Nxc8 (24... Rxc8 25. Rxa6 Bxg2 26. Ng4 $1
) 25. Nd7 Bg7 (25... Bxg2 26. f3 Ra7 27. Nxf6+ exf6 28. Be1 {[%cal Ye1b4,Yb4c5]
and Black is by no means better despite his two extra pawns}) 26. Nc5 a5 27.
Bxb5 Nd6 28. Bxd6 $6 {Obvious but now Black obtains a certain plus due to his
bishop pair. Still, White eventually holds his ground.} (28. Ba6 {was possible
as} Rxa6 29. Nxa6 Bc4+ 30. Kf3 Bxa6 31. Bxd6 exd6 32. Rxa5 $11 {is absolutely
safe for White}) (28. Bd3 $5 {was more sophisticated:} Bxg2 29. f3 Bh3 (29...
Rb8 30. Kf2 Rb2+ 31. Be2) 30. Be1 e5 31. Bg3 f6 {and now} 32. Ba6 $11) 28...
exd6 29. Na6 Bxg2 30. Rxa5 Bf8 31. Ra4 d5 {[%csl Rh2]} 32. f3 Rc8 33. Kf2 (33.
Bd3 $5) 33... Bh3 34. Be2 Be7 35. Ke1 h5 36. Kd2 Be6 37. f4 h4 38. Ra1 Bd6 39.
Rc1 Rxc1 40. Kxc1 g5 41. fxg5 Bxh2 42. Nc5 Kg7 (42... Bf5 43. Bf3 {[%csl Rd5]})
43. Nxe6+ fxe6 44. Bg4 1/2-1/2

[Event "Moscow Tal Memorial 3rd"]
[Site "Moscow"]
[Date "2008.08.18"]
[Round "1"]
[White "Ivanchuk, Vassily"]
[Black "Kamsky, Gata"]
[Result "1-0"]
[WhiteElo "2781"]
[BlackElo "2723"]
[Annotator "Ftacnik,L"]
[PlyCount "71"]
[EventDate "2008.08.18"]
[EventType "tourn"]
[EventRounds "9"]
[EventCountry "RUS"]
[EventCategory "20"]
[SourceTitle "CBM 126"]
[Source "ChessBase"]
[SourceDate "2008.10.01"]
[SourceVersion "1"]
[SourceVersionDate "2008.10.01"]
[SourceQuality "1"]

1. d4 Nf6 2. c4 g6 3. Nc3 d5 4. Bf4 Bg7 5. Nf3 O-O 6. Rc1 dxc4 7. e4 Bg4 8.
Bxc4 Nfd7 {Kamsky does not dare to use the main, positionally somewhat risky
line against Ivanchuk.} (8... Nh5 9. Be3 Bxf3 10. gxf3 e5 {with shared chances.
}) 9. Be2 Nc6 (9... Bxf3 10. Bxf3 Bxd4 11. Qxd4 e5 12. Bxe5 Nc6 13. Bxc7 Nxd4
14. Bxd8 Raxd8 15. Be2 Ne5 16. f3 f5 17. Rd1 {1-0 Estremera Panos,S (2355)
-Fernandez Garcia,J (2490)/Las Palmas 1996 (61)}) 10. Be3 (10. d5 Bxf3 11. Bxf3
Nd4 12. O-O c5 13. Be2 a6 14. Re1 b5 15. Bf1 Nb6 16. Be3 Rc8 17. a4 b4 18. Nb1
a5 19. Nd2 Qd7 20. b3 f5 {1-0 Drozdovskij,Y (2561)-Borisek,J (2507)/playchess.
com INT 2006 (61)}) 10... Nb6 11. d5 Bxf3 12. gxf3 Ne5 13. Qb3 $146 {This
interesting position was played in the games of stronger players only once and
White wrongly offered the swap of the dark-squared bishops.} (13. Bd4 c6 14. f4
Ned7 15. Bxg7 Kxg7 16. dxc6 bxc6 17. O-O e5 18. fxe5 Qg5+ 19. Kh1 Qf4 20. Rc2
Nxe5 {0-1 Jost,C (2330)-Kouatly,B (2515)/France 1992 (45)}) 13... c6 (13... f5
$2 14. Nb5 $16) 14. f4 Ned7 15. O-O $1 (15. dxc6 bxc6 16. O-O (16. e5 e6 17.
O-O Qh4 $14) 16... Bh6 17. e5 Rb8 18. Qc2 e6 $14) 15... Qe8 $2 {Topalov's
future opponent in the candidates match arrived in Moscow in weakish form. The
retreat of the queen to the e8-square is not a solution to his problems.} (
15... cxd5 16. Nxd5 Nxd5 17. Qxd5 Nf6 18. Qxd8 Rfxd8 19. Bf3 $16) 16. a4 (16.
dxc6 bxc6 17. Rfd1 e5 18. f5 Qe7 19. a4 $16) 16... cxd5 17. Nb5 $1 (17. Nxd5
Nxd5 18. Qxd5 Nb6 19. Qxb7 Qxa4 $14) 17... Rc8 {Also the exchange of the rooks
along the c-file can not be praised; the defender had to decide for the
exchange sacrifice with the help of daring advance of the d-pawn.} (17... dxe4
18. a5 $1 $18) (17... d4 $5 18. Nc7 Qd8 19. Nxa8 dxe3 20. Nxb6 exf2+ 21. Kxf2 (
21. Rxf2 Nxb6 22. Rd1 Qc8 23. e5 $16) 21... Bd4+ 22. Kf3 Nxb6 23. a5 Nc8 24.
Qd5 $16) 18. Rxc8 Qxc8 (18... Nxc8 19. Qxd5 Nf6 20. Qxb7 Nd6 21. Qxa7 $16) 19.
e5 $6 {Ivanchuk seems to have been on top of his form in the last two years,
but sometimes it is difficult to explain the mental process even of the best
players. Kamsky would be sweating much harder after the immediate liquidation
of the a7-pawn.} (19. Nxa7 $1 Qb8 (19... Qc7 20. Rc1 Qd6 21. Nb5 $16 Qf6 22. e5
Qf5 23. Qb4 $16) 20. Bxb6 Nxb6 21. Qxb6 Qxf4 (21... dxe4 22. Qe3 Bh6 23. Kg2
Bxf4 24. Qxe4 Bxh2 25. Nb5 $16) 22. Qe3 Qh4 23. f4 $16) 19... a6 $2 (19... Qc6
$1 20. Rc1 Nc4 21. Nxa7 Qe6 $14) (19... Nc5 20. Qb4 Ne6 21. Nxa7 Qc2 22. Bd1
Qf5 23. Qxb6 Nxf4 24. Bxf4 Qxf4 25. Qe3 Qxe3 26. fxe3 Bxe5 27. b3 $16) 20. Na7
Qc7 $2 {Black is beyond recognition in this game. Too many moves deserving a
question mark will be played in the game.} (20... Qd8 21. a5 Nc4 22. Qxb7 Nb8
23. Bc5 $16) 21. Rc1 Qd8 (21... Nc4 22. Bxc4 dxc4 23. Rxc4 Qb8 24. Rb4 b6 25.
Nc6 Qe8 26. Qc4 $16) 22. a5 Nc4 23. Bxc4 dxc4 24. Qxb7 {White has won the war
on the queenside and Black has no compensation for his suffering.} g5 (24...
Nb8 25. h3 (25. Rxc4 $2 Qd1+ 26. Kg2 Qg4+ $11) 25... f6 26. Rxc4 fxe5 27. Rc8
Qd1+ 28. Kh2 exf4 29. Rxf8+ Bxf8 30. Bxf4 $16) 25. Nc6 Qe8 26. Rxc4 gxf4 27.
Bxf4 Kh8 {His positional desperation is visible from the aim to get any
counterplay along the open g-file.} (27... e6 28. Qxa6 $18) 28. Bg3 Rg8 29. Kf1
(29. Qc7 f6 30. e6 $18) 29... e6 30. Rd4 Nc5 31. Qb6 Nd7 32. Qc7 Nb8 (32... Nc5
33. Rd8 $18) 33. Nd8 $1 {The finish of this game is somewhat comical, since
Black is struggling not to lose to a mating pattern.} Qb5+ 34. Kg1 h6 35. Nxf7+
Kh7 36. Qc2+ 1-0